00808nam a22002177a 4500999001900000005001700019010001500036020003100051035001400082037001300096082001000109100002400119245006000143250000900203260003800212270010700250300004900357700002400406942002400430952013600454 c182626d18262620211129172239.0 aENG-130133 a978-93-88248-05-1c1250.00 aEN-113665 bDBAD/PUB a294.5 aSrivastava, Sanchit aHindu Religion:cSanchit Srivastava, Surabhi Srivastava a2019 aDelhibGyan Geeta Prakashanc2019 aF-7, Gali No. 1, Panschsheel Garden Ext. Naveen Shahdara bDelhie110032mgyangeetaprakashan@gmail.com avii, 300p.c22cm (hbk) bBibliography, Index aSrivastava, Surabhi 2ddccENh294.5mSRI 001040708NFICaBL4bBL4d2021-11-29eDBAD/PUBg1250.00l1o294.5 SRIpEN-113665r2024-12-30 00:00:00s2024-12-18t1v1250.00yEN